The emergence of the urban land market in China: evolution, structure, constraints and perspectives (Record no. 70775)

MARC details
000 -LEADER
fixed length control field 01470cam a2200289 4500
001 - CONTROL NUMBER
control field ABS65730
008 - FIXED-LENGTH DATA ELEMENTS--GENERAL INFORMATION
fixed length control field 020718n2002 000 0 eng u
035 ## - SYSTEM CONTROL NUMBER
System control number (Sirsi) u118903
100 ## - MAIN ENTRY--PERSONAL NAME
Personal name Qingshu Xie, A
245 #4 - TITLE STATEMENT
Title The emergence of the urban land market in China: evolution, structure, constraints and perspectives
260 ## - PUBLICATION, DISTRIBUTION, ETC.
Date of publication, distribution, etc. 2002
490 ## - SERIES STATEMENT
Series statement Urban Studies
Volume/sequential designation 39(8) July 2002, 1375-1398(24)
520 ## - SUMMARY, ETC.
Summary, etc. Urban land reform is one of the most important constituents of China's whole economic reform programme launched in the late 1970s. Through a series of reforms, urban land markets have emerged rapidly. This paper aims to analyse the evolution of urban land reform, to discuss the structure of urban land markets, to identify the principle constraints in the urban land market and to propose relevant recommendations for its improvement in the future. The methodology employed for this research is based on the structure and agency theory of the development process and the paper relies on a comprehensive review of recent research on the urban land market in China. References. [TAKEN FROM JOURNAL HEADNOTE]
590 ## - LOCAL NOTE (RLIN)
Local note ABS
650 ## - SUBJECT ADDED ENTRY--TOPICAL TERM
Topical term or geographic name entry element LAND MARKET
650 ## - SUBJECT ADDED ENTRY--TOPICAL TERM
Topical term or geographic name entry element CHINA
650 ## - SUBJECT ADDED ENTRY--TOPICAL TERM
Topical term or geographic name entry element REFORM
650 ## - SUBJECT ADDED ENTRY--TOPICAL TERM
Topical term or geographic name entry element URBAN LAND
650 ## - SUBJECT ADDED ENTRY--TOPICAL TERM
Topical term or geographic name entry element LAND MANAGEMENT
650 ## - SUBJECT ADDED ENTRY--TOPICAL TERM
Topical term or geographic name entry element RURAL LAND
650 ## - SUBJECT ADDED ENTRY--TOPICAL TERM
Topical term or geographic name entry element LAND ADMINISTRATION
650 ## - SUBJECT ADDED ENTRY--TOPICAL TERM
Topical term or geographic name entry element LAND OWNERSHIP
690 ## - LOCAL SUBJECT ADDED ENTRY--TOPICAL TERM (OCLC, RLIN)
Topical term or geographic name as entry element INTERNATIONAL-ASIA
700 ## - ADDED ENTRY--PERSONAL NAME
Personal name Parsa, G
700 ## - ADDED ENTRY--PERSONAL NAME
Personal name Redding, B
942 ## - ADDED ENTRY ELEMENTS (KOHA)
Suppress in OPAC 0
Holdings
Withdrawn status Lost status Source of classification or shelving scheme Damaged status Not for loan Home library Current library Shelving location Date acquired Total Checkouts Full call number Barcode Date last seen Copy number Price effective from Koha item type
    Dewey Decimal Classification     London London Journal article 18/07/2002   ABS65730 118903-1001 06/08/2019 1 06/08/2019 Journal article